Loading...
Ancient History and Archaeology | 2 | 15.00 | 100% | 50% | 0% |
Beliefs | 16 | 20.00 | 94% | 56% | 50% |
British and Commonwealth History | 3 | 26.67 | 100% | 100% | 67% |
Current Events | 2 | 25.00 | 100% | 100% | 50% |
Fine Arts - Auditory Fine Arts | 8 | 12.50 | 100% | 25% | 0% |
Fine Arts - Visual Fine Arts | 6 | 20.00 | 100% | 67% | 33% |
Geography | 2 | 15.00 | 100% | 50% | 0% |
History - American History | 5 | 14.00 | 100% | 40% | 0% |
History - European History | 6 | 21.67 | 100% | 83% | 33% |
History - World History | 8 | 22.50 | 100% | 88% | 38% |
Literature - American Literature | 6 | 18.33 | 100% | 50% | 33% |
Literature - British Literature | 7 | 21.43 | 100% | 57% | 57% |
Literature - European Literature | 5 | 18.00 | 100% | 60% | 20% |
Other Academic | 3 | 20.00 | 100% | 67% | 33% |
Other Arts: Auditory | 4 | 20.00 | 100% | 100% | 0% |
Other Arts: Visual | 4 | 15.00 | 100% | 25% | 25% |
Other Science: Astronomy | 1 | 20.00 | 100% | 100% | 0% |
Other Science: Computer Science | 2 | 20.00 | 100% | 100% | 0% |
Other Science: Earth Science | 2 | 20.00 | 100% | 100% | 0% |
Other Science: Math | 1 | 20.00 | 100% | 100% | 0% |
Philosophy | 8 | 20.00 | 100% | 88% | 13% |
Science - Biology | 8 | 16.25 | 100% | 63% | 0% |
Science - Chemistry | 6 | 13.33 | 100% | 33% | 0% |
Science - Physics | 6 | 23.33 | 100% | 67% | 67% |
Social Science | 5 | 16.00 | 100% | 60% | 0% |
World and Other Literature | 5 | 18.00 | 100% | 60% | 20% |